Exercises for the whole brain (Record no. 142465)

MARC details
000 -LEADER
fixed length control field 00649nam a2200241Ia 4500
003 - CONTROL NUMBER IDENTIFIER
control field OSt
005 - DATE AND TIME OF LATEST TRANSACTION
control field 20250829140403.0
008 - FIXED-LENGTH DATA ELEMENTS--GENERAL INFORMATION
fixed length control field 210210b2010 xxu||||| |||| 00| 0 eng d
020 ## - INTERNATIONAL STANDARD BOOK NUMBER
International Standard Book Number 9788130915050
040 ## - CATALOGING SOURCE
Transcribing agency AL
041 ## - LANGUAGE CODE
Language code of text/sound track or separate title eng
082 ## - DEWEY DECIMAL CLASSIFICATION NUMBER
Classification number 793.73 BRAE
100 ## - MAIN ENTRY--PERSONAL NAME
Personal name Allen D Bragdon
9 (RLIN) 237652
245 ## - TITLE STATEMENT
Title Exercises for the whole brain
260 ## - PUBLICATION, DISTRIBUTION, ETC.
Place of publication, distribution, etc. New Delhi
Name of publisher, distributor, etc. Viva books
Date of publication, distribution, etc. 2010
300 ## - PHYSICAL DESCRIPTION
Extent 128p
651 ## - SUBJECT ADDED ENTRY--GEOGRAPHIC NAME
Source of heading or term Neuron builders to stimulate and entertain your visual
651 ## - SUBJECT ADDED ENTRY--GEOGRAPHIC NAME
Geographic name math and executive planning skills
9 (RLIN) 237672
690 ## - LOCAL SUBJECT ADDED ENTRY--TOPICAL TERM (OCLC, RLIN)
Topical term or geographic name as entry element Quiz
9 (RLIN) 237670
700 ## - ADDED ENTRY--PERSONAL NAME
Personal name Fellows, Leonard
9 (RLIN) 237671
906 ## - LOCAL DATA ELEMENT F, LDF (RLIN)
a 065298
942 ## - ADDED ENTRY ELEMENTS (KOHA)
Source of classification or shelving scheme Dewey Decimal Classification
Koha item type Book
Holdings
Withdrawn status Lost status Damaged status Not for loan Collection code Home library Current library Shelving location Date acquired Source of acquisition Cost, normal purchase price Total Checkouts Full call number Barcode Date last seen Price effective from Koha item type
          St Aloysius Library St Aloysius Library   02/17/2021 Intact Bookhouse Pvt Ltd 95.00   793.73 BRAE 065298 02/17/2021 02/17/2021 Book